Just the Way You Are - Bruno Mars - Statystyki

Ogólne statystyki
  • Ten quiz został rozwiązany 2 razy
  • Średni wynik to 205 z 297
Statystyki odpowiedzi
Hint Odpowiedź % Poprawnych
a
100%
and
100%
And
100%
are
100%
beautiful
100%
''Do
100%
I
100%
just
100%
Just
100%
like
100%
make
100%
me
100%
say
100%
the
100%
Bridge: The
100%
then
100%
think
100%
to
100%
way
100%
what
100%
when
100%
Chorus: When
100%
you
100%
You
100%
your
100%
all
50%
amazing
50%
ask
50%
askin'
50%
asks
50%
believe
50%
Cause
50%
change
50%
could
50%
day
50%
don't
50%
even
50%
every
50%
eyes
50%
face
50%
falls
50%
for
50%
girl
50%
Girl
50%
hair
50%
hates
50%
her
50%
Her
50%
I'd
50%
if
50%
I'll
50%
it's
50%
kiss
50%
know
50%
laugh
50%
let
50%
lips
50%
look
50%
never
50%
not
50%
Intro: | Verse 1: Oh
50%
okay?''
50%
okay
50%
perfectly
50%
perfect's
50%
sad
50%
same
50%
searching
50%
see
50%
sexy
50%
she
50%
she'd
50%
She's
50%
shinin'
50%
smile
50%
so
50%
So
50%
stares
50%
stars
50%
stay
50%
stops
50%
tell
50%
that
50%
them
50%
There's
50%
they're
50%
thing
50%
time
50%
tryin'
50%
uh
50%
while
50%
whole
50%
without
50%
won't
50%
world
50%
would
50%
Yeah
50%
you're
50%
bother
0%
but
0%
compliment
0%
Nie znaleziono quizów pasujących do podanych kryteriów
Rozkład punktacji
Procent ludzi z każdym wynikiem
Percentyl według liczby udzielonych odpowiedzi
Twoja historia wyników
Nie rozwiązałeś tego quizu